44 - Né(es) un 13 février - Statistiques

Statistiques générales
  • Ce quiz a été pris 9 fois
  • Le résultat moyen est 3 sur 14
Statistiques - réponses
Hint Année de naissance Réponse % Correct
Président de la République française en 1920. 1855 Paul Deschanel
71%
Réalisateur franco-grec de "Z", "Missing", "Mad City", "Amen.", et "Le Couperet". 1933 Costa-Gavras|Konstantínos Gavrás
57%
Écrivain belge. Père du commissaire "Maigret". 1903 Georges Simenon
43%
Journaliste et homme politique français. Fondateur du magazine "L'Express". 1924 Jean-Jacques Servan-Schreiber|jjss
43%
Joueur de football international néerlandais. Avant-centre / Ailier gauche. Passé notamment par Manchester United, l'Olympique lyonnais, le FC Barcelone. 1994 Memphis Depay
43%
Avocate allemande française et israëlienne. Avec son mari, elle travailla pour la mémoire de la Shoah. 1939 Beate Klarsfeld
29%
Premier ministre grec de 1944 à 1945, en 1963, et de 1964 à 1965. 1888 Geórgios Papandréou
14%
Acteur français. Vu dans "La Ronde de Max Ophüls" (1950) et "Le Journal d'une femme de chambre" de Luis Buñuel (1963). 1898 Jean Marcel Ozenne
14%
Joueur de football français. International. Il permit la qualification de la France à la Coupe du monde de 2014 en marquant deux buts contre l'Ukraine le 19 novembre 2013. 1990 Mamadou Sakho
14%
Actrice américaine vue dans "Picnic", "L'Homme au bras d'or", "La Blonde ou la Rousse", "Sueurs froides", "Adorable voisine", "Embrasse-moi, idiot", "Le miroir se brisa". 1933 Marilyn Pauline Novak|Kim Novak
14%
Couturier français. Passé par "Balenciaga" et "Courrèges". Sa société fur rachetée par Ferragamo. 1933 Emanuel Ungaro
0%
Acteur américain. A remporté le Golden Globe de la révélation masculine de l'année pour son rôle dans "Les Nouveaux Internes" et le Golden Globe du meilleur acteur dans un film musical ou une comédie pour son rôle dans "Une maîtresse dans les bras, une femme sur le dos". Vu dans la série "Voilà!". 1934 George Segal
0%
Fille unique du duc Charles le Téméraire. Duchesse de Bourgogne de 1487 à 1482. Mère de Philippe de Habsbourg, dit Philippe le Beau. 1457 Marie de Bourgogne
0%
Actrice américaine. Vue dans "American Pie", "American Beauty", "Domino" et la série "South of Hell". 1979 Mena Suvari
0%
Aucun quiz correspondant
Distribution des résultats
% des personnes avec chaque résultat
Percentile par nombre de réponses
Votre historique - résultats
Vous n’avez pas pris ce quiz